<?xml version="1.0" encoding="UTF-8"?>
<record
    xmlns:xsi="http://www.w3.org/2001/XMLSchema-instance"
    xsi:schemaLocation="http://www.loc.gov/MARC21/slim http://www.loc.gov/standards/marcxml/schema/MARC21slim.xsd"
    xmlns="http://www.loc.gov/MARC21/slim">

  <leader>00429    a2200109   4500</leader>
  <controlfield tag="001">ART_3473</controlfield>
  <controlfield tag="005">20260410161715.0</controlfield>
  <controlfield tag="008">260409a                                 </controlfield>
  <datafield tag="245" ind1="1" ind2="0">
    <subfield code="a">La difusi&#xF3;n de tecnolog&#xED;a de punta en la Argentina:El caso de las maquinas herramientas con control num&#xE9;rico, el CAD/CAM y los robots</subfield>
  </datafield>
  <datafield tag="100" ind1="1" ind2=" ">
    <subfield code="a">Chudnovsky, Daniel</subfield>
  </datafield>
  <datafield tag="773" ind1="0" ind2=" ">
    <subfield code="t">Desarrollo econ&#xF3;mico</subfield>
    <subfield code="g">- Vol. 24, N&#xBA; 96 (ene./mar. 1985)</subfield>
    <subfield code="w">REV1174</subfield>
  </datafield>
  <datafield tag="999" ind1=" " ind2=" ">
    <subfield code="c">16421</subfield>
    <subfield code="d">16421</subfield>
  </datafield>
</record>
